[Event "Kamen Piskov Memorial-02"]
[Site "Ruse"]
[Date "1978.06.??"]
[Round "7"]
[White "Lukacs, Peter"]
[Black "Mihaljcisin, Mihajlo"]
[Result "1-0"]
[WhiteElo "2460"]
[BlackElo "2380"]
[PlyCount "69"]
[EventDate "1978.06.??"]
[EventType "tourn"]
[EventRounds "13"]
[EventCountry "BUL"]
[EventCategory "5"]
[SourceTitle "EXT 1998"]
[Source "ChessBase"]
[SourceDate "1997.11.17"]
[SourceVersion "1"]
[SourceVersionDate "1997.11.17"]
[SourceQuality "1"]

1. d4 d5 2. c4 dxc4 3. Nf3 Nf6 4. e3 Bg4 5. Bxc4 e6 6. h3 Bh5 7. Nc3 Nbd7 8. 0-0 Bd6 9. Be2 0-0 10. e4 e5 11. dxe5 Nxe5 12. Nd4 Bg6 13. Bg5 Be7 14. Nf5 Bxf5 15. exf5 c6 16. Qc2 h6 17. Rad1 Ned7 18. Bh4 Re8 19. Bc4 Qc7 20. Nb5 Qb8 21. Bg3 Ne5 22. Rfe1 Bf8 23. Be6 fxe6 24. Bxe5 Qc8 25. Nc7 Nd5 26. Nxa8 Qxa8 27. f6 gxf6 28. Bd4 Bg7 29. Qg6 Qc8 30. Be3 Ne7 31. Qh5 Nf5 32. Bxa7 e5 33. Bc5 Ne7 34. Bxe7 Rxe7 35. Qg6 1-0

[Event "Kamen Piskov Memorial-02"]
[Site "Ruse"]
[Date "1978.06.??"]
[Round "6"]
[White "Mihaljcisin, Mihajlo"]
[Black "Szekely, Peter"]
[Result "1/2-1/2"]
[WhiteElo "2380"]
[BlackElo "2450"]
[PlyCount "21"]
[EventDate "1978.06.??"]
[EventType "tourn"]
[EventRounds "13"]
[EventCountry "BUL"]
[EventCategory "5"]
[SourceTitle "EXT 1998"]
[Source "ChessBase"]
[SourceDate "1997.11.17"]
[SourceVersion "1"]
[SourceVersionDate "1997.11.17"]
[SourceQuality "1"]

1. e4 c5 2. c3 Nf6 3. e5 Nd5 4. d4 cxd4 5. Bc4 Nb6 6. Bb3 d6 7. Nf3 Nc6 8. exd6 Qxd6 9. cxd4 Bf5 10. Nc3 e6 11. 0-0 1/2-1/2

[Event "Banja Luka"]
[Site "Banja Luka"]
[Date "1976.??.??"]
[Round "4"]
[White "Bagirov, Vladimir"]
[Black "Mihaljcisin, Mihajlo"]
[Result "1/2-1/2"]
[WhiteElo "2490"]
[BlackElo "2325"]
[PlyCount "82"]
[EventDate "1976.12.??"]
[EventType "tourn"]
[EventRounds "15"]
[EventCountry "YUG"]
[EventCategory "10"]
[SourceTitle "MCL"]
[Source "ChessBase"]
[SourceDate "1999.07.01"]
[SourceVersion "1"]
[SourceVersionDate "1999.07.01"]
[SourceQuality "1"]

1. d4 d5 2. c4 dxc4 3. e4 c5 4. Nf3 cxd4 5. Qxd4 Qxd4 6. Nxd4 a6 7. Bxc4 e6 8. Be3 Nf6 9. f3 Be7 10. Nd2 0-0 11. Kf2 Bd7 12. e5 Nd5 13. Bxd5 exd5 14. Rac1 Nc6 15. Nxc6 bxc6 16. Bc5 Rae8 17. Nb3 f6 18. Bxe7 Rxe7 19. exf6 Rxf6 20. Nc5 Bc8 21. Rhd1 Kf8 22. Rd4 Ke8 23. Ra4 Ra7 24. Ra5 Kd8 25. b4 Ra8 26. Nd3 Rb8 27. Rac5 Bd7 28. a3 Rb5 29. Ne5 Kc7 30. h4 Rxc5 31. Rxc5 Be8 32. Ke3 h6 33. g4 Re6 34. Kd4 Kd6 35. Nd3 Bd7 36. Rc2 Bc8 37. h5 Re7 38. Rg2 a5 39. g5 Bf5 40. gxh6 gxh6 41. bxa5 Bxd3 1/2-1/2

[Event "Banja Luka"]
[Site "Banja Luka"]
[Date "1976.??.??"]
[Round "10"]
[White "Chekhov, Valery A"]
[Black "Mihaljcisin, Mihajlo"]
[Result "1-0"]
[WhiteElo "2530"]
[BlackElo "2325"]
[PlyCount "61"]
[EventDate "1976.12.??"]
[EventType "tourn"]
[EventRounds "15"]
[EventCountry "YUG"]
[EventCategory "10"]
[SourceTitle "MCL"]
[Source "ChessBase"]
[SourceDate "1999.07.01"]
[SourceVersion "1"]
[SourceVersionDate "1999.07.01"]
[SourceQuality "1"]

1. d4 Nf6 2. c4 c5 3. Nf3 cxd4 4. Nxd4 e6 5. g3 Bb4+ 6. Nc3 Ne4 7. Qd3 Qa5 8. Nc2 Bxc3+ 9. bxc3 Nc5 10. Qe3 Nc6 11. Bg2 0-0 12. 0-0 b6 13. Nd4 Qa4 14. Nb5 Ba6 15. Nd6 Bxc4 16. Bb2 Rad8 17. Rfd1 Qa6 18. Rd2 h6 19. Rad1 Ne7 20. Qd4 Bxa2 21. c4 f6 22. Qg4 Nf5 23. Nxf5 exf5 24. Bd5+ Kh8 25. Qf4 Bb3 26. Ra1 Ba4 27. Qxf5 Rde8 28. Qg6 Re6 29. Rd4 Kg8 30. Rg4 Rf7 31. Bxf6 1-0